"M" Capitals - World Map Sudden Death - Statistics

General Stats
  • This quiz has been taken 280 times
  • The average score is 7 of 15
Answers on the Grid
Answers color-coded by a green-red scale on the quiz's grid according to % correct below.
 
Answer Stats
Answer % Correct
Madrid, Monaco
78%
Mexico City
70%
Moscow
57%
Mogadishu, Muscat
56%
Malabo
53%
Maputo, Moroni
52%
Manila
52%
Manama
50%
Managua
49%
Montevideo
47%
Minsk
46%
Malé
46%
Monrovia
32%
Maseru
31%
Majuro
19%
No matching quizzes found
Score Distribution
Percent of People with Each Score
Percentile by Number Answered
Your Score History
You have not taken this quiz